Börsen - A-B-C
Guardado en:
| Formato: | Libro |
|---|---|
| Lenguaje: | alemán |
| Publicado: |
Berlin
F. Weidling
1894
|
| Etiquetas: |
Sin Etiquetas, Sea el primero en etiquetar este registro!
|
MARC
| LEADER | 00000nam a2200000 4500 | ||
|---|---|---|---|
| 001 | 0303396 | ||
| 005 | 20240807092908.2 | ||
| 041 | 0 | |a ger | |
| 044 | |a DE | ||
| 245 | 1 | 0 | |a Börsen - A-B-C |c Adolf Sandheim |
| 264 | 1 | |a Berlin |b F. Weidling |c 1894 | |